| 000 | 01049nam a22002777a 4500 | ||
|---|---|---|---|
| 003 | OSt | ||
| 005 | 20221019112332.0 | ||
| 008 | 220706t2007 ag |||gr|||| 000 0 spa d | ||
| 020 | _a9789876100809 | ||
| 040 |
_aCO-JMCR _cCO-JMCR |
||
| 041 | 0 | _aspa | |
| 082 | 0 | 4 |
_a641.5919 / _bC776l _223 |
| 100 | 0 |
_aCookina, _eautora _942414 |
|
| 245 | 1 | 0 |
_aLo mejor de la cocina internacional / _cCookina |
| 260 |
_aBuenos Aires : _bDos Editores, _c2007. |
||
| 300 |
_a96 páginas ; _c20 cm. |
||
| 505 | 0 | _aGastronomía española -- Gastronomía italiana -- Gastronomía francesa -- Gastronomía mexicana -- Gastronomía oriental -- Gastronomía árabe. | |
| 520 | 3 | _aAprenda a elaborar los platos más tradicionales del arte culinario mundial. | |
| 650 | 1 | 4 |
_aCocina _xrecetas _zespañola _942098 |
| 650 | 1 | 4 |
_aCocina _xrecetas _zárabe _942178 |
| 650 | 1 | 4 |
_aCocina _xrecetas _zitaliana _942179 |
| 650 | 1 | 4 |
_aCocina _xrecetas _zfrancesa _942180 |
| 650 | 1 | 4 |
_aCocina _xrecetas _zmexicana _942181 |
| 650 | 1 | 4 |
_aCocina _xrecetas _zoriental _942182 |
| 942 |
_2ddc _cBK |
||
| 999 |
_c29510 _d15894 |
||